UBT Library

Determinants of fertility in advanced societies / (Record no. 39588)

000 -LEADER
fixed length control field 00596nam a2200229 i 4500
001 - CONTROL NUMBER
control field 3216715
005 - DATE AND TIME OF LATEST TRANSACTION
control field 20180103032537.0
008 - FIXED-LENGTH DATA ELEMENTS--GENERAL INFORMATION
fixed length control field 790228s1978 enka b 001 0 eng
010 ## - LIBRARY OF CONGRESS CONTROL NUMBER
LC control number 78326376
015 ## - NATIONAL BIBLIOGRAPHY NUMBER
National bibliography number GB***
020 ## - INTERNATIONAL STANDARD BOOK NUMBER
International Standard Book Number 0416673406 :
Terms of availability £16.50
040 ## - CATALOGING SOURCE
Original cataloging agency DLC
Transcribing agency DLC
Modifying agency DLC
041 ## - LANGUAGE CODE
Language code of text/sound track or separate title eng
080 ## - UNIVERSAL DECIMAL CLASSIFICATION NUMBER
Universal Decimal Classification number 301.321
082 00 - DEWEY DECIMAL CLASSIFICATION NUMBER
Classification number 301.321 AND
100 1# - Rafti
Rafti 10
101 ## - Shkurtesa
Shkurtesa GJIN
245 10 - TITLE STATEMENT
Title Determinants of fertility in advanced societies /
Statement of responsibility, etc Rudolf Andorka.
504 ## - BIBLIOGRAPHY, ETC. NOTE
Bibliography, etc Bibliography: p. [385]-419.
906 ## - LOCAL DATA ELEMENT F, LDF (RLIN)
a 7
b cbc
c orignew
d 4
e ncip
f 19
g y-gencatlg
942 ## - ADDED ENTRY ELEMENTS (KOHA)
Source of classification or shelving scheme
Item type Books
Holdings
Withdrawn status Lost status Source of classification or shelving scheme Damaged status Not for loan Collection code Permanent location Current location Shelving location Date acquired Total Checkouts Full call number Barcode Date last seen Price effective from Koha item type
          Koleksioni i përgjithshem UBT - Lipjan UBT - Lipjan Koleksioni i përgjithshem 01/03/2018   301.321 AND 002-2994191 01/03/2018 01/03/2018 Books
UBT Library © 2015-2024. All rights reserved University Education for Business and Technology